Творческий почерк: к юбилею издания «Книга Бытия» Андрея Ланского (Запись № 11359495)
[ простой вид ]
| 000 -МАРКЕР | |
|---|---|
| контрольное поле | 02779nam0a2200421 i 4500 |
| 001 - ИДЕНТИФИКАТОР ЗАПИСИ | |
| контрольное поле | RU\NLR\BIBL_A\011372506 |
| 005 - ИДЕНТИФИКАТОР ВЕРСИИ | |
| контрольное поле | 20241104210132.0 |
| 010 ## - МЕЖДУНАРОДНЫЙ СТАНДАРТНЫЙ НОМЕР КНИГИ (ISBN) | |
| Номер (ISBN) | 9785935727130 |
| Тираж | 500 |
| 035 ## - ДРУГИЕ СИСТЕМНЫЕ НОМЕРА | |
| Идентификатор записи | (NLR Aleph) 011372506 |
| 100 ## - ДАННЫЕ ОБЩЕЙ ОБРАБОТКИ | |
| Данные общей обработки | 20170421d2017 k y0rusy50 ca |
| 101 0# - ЯЗЫК РЕСУРСА | |
| Язык текста, звукозаписи и т.д. | русский |
| -- | английский |
| 102 ## - СТРАНА ПУБЛИКАЦИИ ИЛИ ПРОИЗВОДСТВА | |
| Страна публикации | Российская Федерация |
| 105 ## - ПОЛЕ КОДИРОВАННЫХ ДАННЫХ: ТЕКСТОВЫЕ МАТЕРИАЛЫ, МОНОГРАФИЧЕСКИЕ | |
| Кодированные данные о монографическом текстовом документе | ach z 001zd |
| 200 1# - ЗАГЛАВИЕ И СВЕДЕНИЯ ОБ ОТВЕТСТВЕННОСТИ | |
| Основное заглавие | Творческий почерк: к юбилею издания «Книга Бытия» Андрея Ланского |
| Параллельное заглавие | The master's hand : marking the anniversary of Andre Lanskoy's Book of Genesis [la Genese] |
| Сведения, относящиеся к заглавию | каталог выставки |
| Первые сведения об ответственности | [авторы вступителтьных статей: М. И. Башмаков, М. В. Балан] |
| Язык параллельного заглавия | английский |
| 210 ## - ПУБЛИКАЦИЯ, РАСПРОСТРАНЕНИЕ И ДР. | |
| Место издания, распространения и т.д. | Санкт-Петербург |
| Имя издателя, распространителя и т. д. | Издательство Государственного Эрмитажа |
| Дата издания, распространения и т.д. | 2017 |
| 215 ## - ФИЗИЧЕСКАЯ ХАРАКТЕРИСТИКА | |
| Специфическое обозначение материала и объем | 67 с. |
| Другие сведения о физической характеристике | ил., цв. ил., портр., факс. |
| Размеры | 29 |
| 225 1# - СЕРИЯ | |
| Основное заглавие серии | Художник и книга |
| Параллельное заглавие серии | The artist and the book |
| Обозначение тома | вып. 4 |
| 300 ## - ОБЩИЕ ПРИМЕЧАНИЯ | |
| Текст примечания | В надзаг.: Гос. Эрмитаж |
| 300 ## - ОБЩИЕ ПРИМЕЧАНИЯ | |
| Текст примечания | Подписи к ил. парал. на рус. и англ. яз. |
| 320 ## - ПРИМЕЧАНИЯ О НАЛИЧИИ В ДОКУМЕНТЕ БИБЛИОГРАФИИ / УКАЗАТЕЛЯ | |
| Текст примечания | Библиогр. в подстроч. примеч. |
| 510 1# - ПАРАЛЛЕЛЬНОЕ ЗАГЛАВИЕ | |
| Параллельное заглавие | The master's hand: marking the anniversary of Andre Lanskoy's Book of Genesis [La Genese] |
| Язык заглавия | английский |
| 600 #1 - ИМЯ ЛИЦА КАК ПРЕДМЕТ | |
| Начальный элемент ввода | Ланской |
| Часть имени, кроме начального элемента ввода | А.М. |
| Даты | 1902 - 1976 |
| Расширение инициалов личного имени | Андрей Михайлович |
| Формальный подзаголовок | Каталоги |
| Тематический подзаголовок | Выставки |
| Географический подзаголовок | Санкт-Петербург, город |
| Хронологический подзаголовок | 2016 - 2017 |
| Системный номер авторитетной/нормативной записи | 2327076 |
| Идентификатор авторитетной/нормативной записи | RU\NLR\AUTH\6601616255 |
| 601 02 - НАИМЕНОВАНИЕ ОРГАНИЗАЦИИ КАК ПРЕДМЕТ | |
| Начальный элемент ввода | Государственный Эрмитаж |
| Идентифицирующий признак | Санкт-Петербург, город |
| Формальный подзаголовок | Каталоги |
| Тематический подзаголовок | Выставки |
| Хронологический подзаголовок | 2016 - 2017 |
| Системный номер авторитетной/нормативной записи | 2308007 |
| Идентификатор авторитетной/нормативной записи | RU\NLR\AUTH\6601607378 |
| 606 1# - НАИМЕНОВАНИЕ ТЕМЫ КАК ПРЕДМЕТ | |
| Наименование темы | Книжная иллюстрация |
| Формальный подзаголовок | Каталоги |
| Тематический подзаголовок | Выставки |
| Географический подзаголовок | Санкт-Петербург, город |
| Хронологический подзаголовок | 20 в. |
| -- | 2016 - 2017 |
| Системный номер авторитетной/нормативной записи | 2327080 |
| Идентификатор авторитетной/нормативной записи | RU\NLR\AUTH\6601616257 |
| 606 1# - НАИМЕНОВАНИЕ ТЕМЫ КАК ПРЕДМЕТ | |
| Наименование темы | Рукописные книги |
| Формальный подзаголовок | Каталоги |
| Тематический подзаголовок | Выставки |
| Географический подзаголовок | Санкт-Петербург, город |
| Хронологический подзаголовок | 20 в. |
| Системный номер авторитетной/нормативной записи | 2327095 |
| Идентификатор авторитетной/нормативной записи | RU\NLR\AUTH\6601616265 |
| 686 1# - ИНДЕКСЫ ДРУГИХ КЛАССИФИКАЦИЙ | |
| Индекс | Щ101.3(2Р)-2Санкт-Петербург2Эрмитаж л62 |
| 686 1# - ИНДЕКСЫ ДРУГИХ КЛАССИФИКАЦИЙ | |
| Индекс | Щ153(0)6-475л62 |
| 686 1# - ИНДЕКСЫ ДРУГИХ КЛАССИФИКАЦИЙ | |
| Индекс | Щ153(4Фр)6-8Ланской л62 |
| 686 1# - ИНДЕКСЫ ДРУГИХ КЛАССИФИКАЦИЙ | |
| Индекс | Ч611.53(2-2СПб)л62 |
| 702 #1 - ИМЯ ЛИЦА - ВТОРИЧНАЯ ОТВЕТСТВЕННОСТЬ | |
| Начальный элемент ввода | Ланской |
| Часть имени, кроме начального элемента ввода | А. |
| Расширение инициалов личного имени | Андрей |
| Код отношения | Прочие |
| 711 12 - НАИМЕНОВАНИЕ ОРГАНИЗАЦИИ - АЛЬТЕРНАТИВНАЯ ОТВЕТСТВЕННОСТЬ | |
| Начальный элемент ввода | "Творческий почерк: к юбилею издания "Книга Бытия" Андрея Ланского", выставка |
| Место проведения временной организации | Санкт-Петербург |
| Дата проведения временной организации | 2016-2017 |
| Системный номер авторитетной/нормативной записи | 555108 |
| Идентификатор авторитетной/нормативной записи | RU\NLR\AUTH\880445740 |
| 942 ## - ДОПОЛНИТЕЛЬНЫЕ ЭЛЕМЕНТЫ ЗАПИСИ (АБИС) | |
| Тип экземпляра АБИС | Книга |
| 980 ## - КОЛЛЕКЦИЯ | |
| Название коллекции | НБР |
Нет доступных экземпляров.